Дело о выкупе земельных наделов временнообязанными крестьянами О.И. Шишковой, княгини Е.И. Несвицкой, З.И. Даниловой, Л.И. Фишер...

Доступно только в Электронных читальных залах Найти на картеНа карте
RUSMARC
00004247nmc2a2200000 x 450
001d386c6cd-fd3e-48d0-84a4-52205640efe6
00520151125090002.0
100##$a20140411l18831884k l0rusy0189 ca
1010#$arus
102##$aRU
2001#$aДело о выкупе земельных наделов временнообязанными крестьянами О.И. Шишковой, княгини Е.И. Несвицкой, З.И. Даниловой, Л.И. Фишер, С.И. и С.И. Соколовых и К.В. Гельд сельца Ключевого Кирсановского уезда Тамбовской губернии
$j20 декабря 1883 г. - 16 октября 1884 г.
251##$cДело
300##$aДело
300##$aОриг. заголовок дела: Дело Шишковой О.И., княгини Несвицкой Е.И., Даниловой З.И., Фишер Л.И., Соколовых С.И. и С.И. и Гельд К.В. Тамбовской губернии Кирсановского уезда сельца Ключевого. 20 декабря 1883 г. - 16 октября 1884 г
801#0$aRU
$bРГИА
$c20140411
$gRCR
801#1$aRU
$bГлавНИВЦ
$c20140411
$2rusmarc
801#2$aRU
$bПБ им. Б.Н. Ельцина
$c20151125
$gRCR
$2rusmarc
850##$aРГИА
852##$aРГИА
$eФедеральное казенное учреждение "Российский государственный исторический архив" (РГИА)
$j818
937##$hРГИА
$d11134279
$aASBIBLIO_SCAN
462#0$10017c5e74c9-979b-46fc-b2dd-52a15592f082
$12001
$aДела Главного выкупного учреждения Министерства финансов по Тамбовской губернии
$1251
$cОпись
$1852
$j40
461#0$10018ef30ad5-ff5c-4840-a721-74c62a200f95
$12001
$aГлавное выкупное учреждение Министерства финансов (1861-1895)
$1251
$cФонд
$1852
$j577
215##$a38 л.
$d36,5х26 см
371##$aДокумент не является опубликованным и широко распространяемым
105##$ay###
1222#$ad
5171#$aДело Шишковой О.И., княгини Несвицкой Е.И., Даниловой З.И., Фишер Л.И., Соколовых С.И. и С.И. и Гельд К.В. Тамбовской губернии Кирсановского уезда сельца Ключевого. 20 декабря 1883 г. - 16 октября 1884 г.
035##$ad386c6cd-fd3e-48d0-84a4-52205640efe6
Формат отображения